Código Electoral

Guardat en:
Dades bibliogràfiques
Autor corporatiu: Tribunal Electoral de Panamá
Format: Text
Publicat: Ciudad de Panamá: TEP
Matèries:
Etiquetes: Afegir etiqueta
Sense etiquetes, Sigues el primer a etiquetar aquest registre!

MARC

LEADER 00000 a a2200000 04500
001 29679
003
040
090 |a 193600  
110 |a Tribunal Electoral de Panamá  
245 |a Código Electoral  
260 |a Ciudad de Panamá:   |b TEP  
300 |a 205 p  
500 |a En Gaceta Oficial no. 2748 del 22 de febrero del 2003  
650 |a SISTEMAS ELECTORALES  
650 |a REFORMA CONSTITUCIONAL  
650 |a ELECCIONES  
650 |a LEGISLACION  
650 |a PARTIDOS POLITICOS  
999 |c 11835  |d 11835